Memerangi kemiskinan : (Record no. 64)

000 -LEADER
fixed length control field nam a22 a 4500
003 - CONTROL NUMBER IDENTIFIER
control field AKMAL
005 - DATE AND TIME OF LATEST TRANSACTION
control field 20170413151802.0
008 - FIXED-LENGTH DATA ELEMENTS--GENERAL INFORMATION
fixed length control field s1994 myw 00 may d
040 ## - CATALOGING SOURCE
Original cataloging agency AKMAL
090 ## - LOCALLY ASSIGNED LC-TYPE CALL NUMBER (OCLC); LOCAL CALL NUMBER (RLIN)
Classification number (OCLC) (R) ; Classification number, CALL (RLIN) (NR) 362.5709595
Local cutter number (OCLC) ; Book number/undivided call number, CALL (RLIN) MAH
100 ## - MAIN ENTRY--PERSONAL NAME
Personal name Mahathir Mohamad,
Titles and words associated with a name Tun,
Dates associated with a name 1925-
9 (RLIN) 41
245 10 - TITLE STATEMENT
Title Memerangi kemiskinan :
Remainder of title peladang, penternak dan nelayan /
Statement of responsibility, etc. oleh Y.A.B. Dato' Seri Dr. Mahathir bin Mohamad
260 ## - PUBLICATION, DISTRIBUTION, ETC.
Place of publication, distribution, etc. Kuala Lumpur :
Name of publisher, distributor, etc. Lembaga Pertubuhan Peladang,
Date of publication, distribution, etc. 1994
300 ## - PHYSICAL DESCRIPTION
Extent ix, 198ms. :
Other physical details il. wrn. ;
Dimensions 24cm
650 ## - SUBJECT ADDED ENTRY--TOPICAL TERM
Topical term or geographic name entry element Poverty
9 (RLIN) 202
710 2# - ADDED ENTRY--CORPORATE NAME
Corporate name or jurisdiction name as entry element Lembaga Pertubuhan Peladang
9 (RLIN) 203
942 ## - ADDED ENTRY ELEMENTS (KOHA)
Source of classification or shelving scheme
Koha item type Book
Holdings
Withdrawn status Lost status Source of classification or shelving scheme Damaged status Not for loan Collection code Home library Current library Shelving location Date acquired Inventory number Total Checkouts Full call number Barcode Date last seen Price effective from Koha item type
          NON-FICTION AKMAL Melaka AKMAL Melaka PINJAMAN 13.04.2017 304325   362.5709595 MAH 201700120 13.04.2017 13.04.2017 Book
          NON-FICTION AKMAL Melaka AKMAL Melaka PINJAMAN 13.04.2017     362.5709595 MAH 201700110 13.04.2017 13.04.2017 Book
Pusat Sumber Maklumat Dato' Haji Sarmin Md Hussin, Akademi Kastam Diraja Malaysia, Melaka
Tel: 06-2331106 | Faks: 06-2313787